000 01665nam a22001577a 4500
999 _c524134
_d524134
008 231030b ||||| |||| 00| 0 eng d
100 _aDutta, Rajib
_945230
245 _aBudgeting as the instrument of public policy: Ruminating over five budgets of Indian union from 2016-17
260 _aBihar Journal of Public Administration
300 _a20(1), Jan-Jun, 2023: p.198-208
520 _aBudgeting by governments has a history of almost hundred and fifty years and it gradually evolved as tool of public policy. Budget was first used as a tool of policy in the early 19th Century by American President Abraham Lincoln. However, the history of budgeting in India can be traced back to ancient period as reflected in Kautilya’s Arthshastra. In modern times, budget has been proved to be effective tool of policy as it regulates governments’ accountability, efficiency and economy. Further, the nature of budgeting has been changing with change in time and political regimes. With this view in mind, the present paper attempts to analyse the Union budgets of last five years in order to underline influence of budget on policy decisions. The paper finds that the tax revenue has gradually increased over the years on one hand and non-plan public expenditure has also risen sharply in last two budgets on the other. This trend indicates the shift in policy priorities. – Reproduced http://www.iipabiharbranch.org/upload/Journal%20Volume%20XX.pdf
650 _a Budgeting, Revenue, Budget-cycle, Policy-process, Public-expenditure, Policy, India.
_941363
773 _aBihar Journal of Public Administration
906 _aBUDGET
942 _cAR